Attacks on the insanity defense : (Record no. 9958)
[ view plain ]
| 000 -LEADER | |
|---|---|
| fixed length control field | 00974nac a22002651u 4500 |
| 010 ## - LIBRARY OF CONGRESS CONTROL NUMBER | |
| LC control number | 84016188 |
| 020 ## - INTERNATIONAL STANDARD BOOK NUMBER | |
| International Standard Book Number | 0398050767 |
| 082 00 - DEWEY DECIMAL CLASSIFICATION NUMBER | |
| Classification number | 614.1 |
| Item number | JEF |
| 090 ## - LOCALLY ASSIGNED LC-TYPE CALL NUMBER (OCLC); LOCAL CALL NUMBER (OCLC) | |
| -- | 9958 |
| -- | 9958 |
| 100 ## - MAIN ENTRY--PERSONAL NAME | |
| Personal name | Jeffery, C. Ray |
| 245 10 - TITLE STATEMENT | |
| Title | Attacks on the insanity defense : |
| Remainder of title | biological psychiatry and new perspectives on criminal behavior / |
| Statement of responsibility, etc | by C.R. Jeffery in collaboration with Rolando V. del Carmen and James D. White. |
| 260 ## - PUBLICATION, DISTRIBUTION, ETC. (IMPRINT) | |
| Place of publication, distribution, etc | Springfield, Ill. : |
| Name of publisher, distributor, etc | Thomas, |
| Date of publication, distribution, etc | c1985. |
| 300 ## - PHYSICAL DESCRIPTION | |
| Extent | xiii, 238 p. ; |
| Dimensions | 24 cm. |
| 500 ## - GENERAL NOTE | |
| General note | Donations |
| 500 ## - GENERAL NOTE | |
| General note | Donations: AUC |
| 504 ## - BIBLIOGRAPHY, ETC. NOTE | |
| Bibliography, etc | Includes bibliographies and indexes. |
| 511 ## - PARTICIPANT OR PERFORMER NOTE | |
| Participant or performer note | Catalogued by: wessam |
| 650 #0 - SUBJECT ADDED ENTRY--TOPICAL TERM | |
| Topical term or geographic name as entry element | Forensic psychiatry |
| Geographic subdivision | United States. |
| 650 #0 - SUBJECT ADDED ENTRY--TOPICAL TERM | |
| Topical term or geographic name as entry element | Insanity defense |
| Geographic subdivision | United States. |
| 650 #0 - SUBJECT ADDED ENTRY--TOPICAL TERM | |
| Topical term or geographic name as entry element | Mental illness |
| General subdivision | Physiological aspects. |
| 650 #0 - SUBJECT ADDED ENTRY--TOPICAL TERM | |
| Topical term or geographic name as entry element | Biological psychiatry. |
| 700 1# - ADDED ENTRY--PERSONAL NAME | |
| Personal name | Del Carmen, Rolando V. |
| 700 1# - ADDED ENTRY--PERSONAL NAME | |
| Personal name | White, James D. |
| 942 ## - ADDED ENTRY ELEMENTS (KOHA) | |
| Item type | Book - Borrowing |
| Call number prefix | 614.1JEF |
| Withdrawn status | Item status | Damaged status | Not for loan | Home library | Current library | Shelving location | Date acquired | Source of acquisition | Total Checkouts | Total Renewals | Full call number | Barcode | Date last seen | Date last borrowed | Koha item type |
|---|---|---|---|---|---|---|---|---|---|---|---|---|---|---|---|
| Central Library | Central Library | First floor | 07/07/2008 | Purchase | 1 | 3 | 614.1JEF | 000013275 | 15/07/2025 | 24/12/2020 | Book - Borrowing |